000 00478nam a2200181Ia 4500
005 20250326141640.0
008 250326s9999 xx 000 0 und d
037 _aTextbook
040 _aFMSL
_beng
_cFMSL
041 _aeng
_2eng
084 _qFMSL
100 _aKolb Robert W
245 0 _aPractical approach to investing
_cKolb Robert W
260 _aLondonScott.
_bLondonScott., Foresman & co.
_c1989
300 _a706p
942 _cTB
999 _c1291308
_d1291308